Spain autonomous communities - Statistics

General Stats
  • This quiz has been taken 176 times
  • The average score is 11 of 17
Answer Stats
Answer % Correct
Catalonia
88%
Madrid
88%
Andalusia
84%
Valencia
83%
Galicia
81%
Aragon
69%
Murcia
69%
Asturias
64%
Navarre
64%
Basque Country
61%
Castilla La Mancha
59%
Extremadura
58%
Canary Islands
57%
La Rioja
56%
Balearic Islands
54%
Cantabria
51%
Castile Leon
28%
No matching quizzes found
Score Distribution
Percent of People with Each Score
Percentile by Number Answered
Your Score History
You have not taken this quiz